Green water management handbook : (Record no. 30435)
[ view plain ]
| 000 -LEADER | |
|---|---|
| fixed length control field | 01195cam a2200313 a 4500 |
| 001 - CONTROL NUMBER | |
| control field | 15783477 |
| 003 - CONTROL NUMBER IDENTIFIER | |
| control field | OSt |
| 005 - DATE AND TIME OF LATEST TRANSACTION | |
| control field | 20210712105706.0 |
| 008 - FIXED-LENGTH DATA ELEMENTS--GENERAL INFORMATION | |
| fixed length control field | 090622s2007 ke ab b 000 0 eng |
| 010 ## - LIBRARY OF CONGRESS CONTROL NUMBER | |
| LC control number | 2009349663 |
| 020 ## - INTERNATIONAL STANDARD BOOK NUMBER | |
| International Standard Book Number | 9789290592198 |
| 040 ## - CATALOGING SOURCE | |
| Original cataloging agency | MMU |
| Transcribing agency | MMU |
| Language of cataloging | eng |
| Modifying agency | MMU |
| 042 ## - AUTHENTICATION CODE | |
| Authentication code | lcode |
| 043 ## - GEOGRAPHIC AREA CODE | |
| Geographic area code | f------ |
| 050 00 - LIBRARY OF CONGRESS CALL NUMBER | |
| Classification number | S619.W38 |
| Item number | G74 2007 |
| 245 00 - TITLE STATEMENT | |
| Title | Green water management handbook : |
| Remainder of title | rainwater harvesting for agricultural production and ecological sustainability / |
| Statement of responsibility, etc. | edited by Maimbo M. Malesu, Alex R. Oduor, Orodi J. Odhiambo. |
| 260 ## - PUBLICATION, DISTRIBUTION, ETC. (IMPRINT) | |
| Place of publication, distribution, etc. | Nairobi : |
| Name of publisher, distributor, etc. | SearNet Secretariat, World Agroforestry Centre, |
| Date of publication, distribution, etc. | 2007. |
| 300 ## - PHYSICAL DESCRIPTION | |
| Extent | x, 219 p. : |
| Other physical details | ill. (some col.), maps (some col.) ; |
| Dimensions | 25 cm. |
| 490 0# - SERIES STATEMENT | |
| Series statement | Technical manual ; |
| Volume/sequential designation | no. 8 |
| 504 ## - BIBLIOGRAPHY, ETC. NOTE | |
| Bibliography, etc | Includes bibliographical references. |
| 650 #0 - SUBJECT ADDED ENTRY--TOPICAL TERM | |
| Topical term or geographic name as entry element | Water harvesting. |
| 650 #0 - SUBJECT ADDED ENTRY--TOPICAL TERM | |
| Topical term or geographic name as entry element | Arid regions agriculture |
| Geographic subdivision | Africa. |
| 700 1# - ADDED ENTRY--PERSONAL NAME | |
| Personal name | Malesu, Maimbo M. |
| 700 1# - ADDED ENTRY--PERSONAL NAME | |
| Personal name | Oduor, Alex R. |
| 700 1# - ADDED ENTRY--PERSONAL NAME | |
| Personal name | Odhiambo, Orodi J. |
| 906 ## - LOCAL DATA ELEMENT F, LDF (RLIN) | |
| a | 7 |
| b | cbc |
| c | origode |
| d | 3 |
| e | ncip |
| f | 20 |
| g | y-gencatlg |
| 942 ## - ADDED ENTRY ELEMENTS (KOHA) | |
| Source of classification or shelving scheme | Library of Congress Classification |
| Koha item type | L |
| Withdrawn status | Lost status | Source of classification or shelving scheme | Damaged status | Not for loan | Home library | Current library | Date acquired | Source of acquisition | Total Checkouts | Full call number | Barcode | Date last seen | Date last checked out | Price effective from | Koha item type |
|---|---|---|---|---|---|---|---|---|---|---|---|---|---|---|---|
| Library of Congress Classification | Maasai Mara University Library -Main Campus | Maasai Mara University Library -Main Campus | 02/01/2018 | Donation -T4C | 3 | S619.W38G74 2007 | 20116670 | 07/11/2018 | 06/08/2018 | 02/01/2018 | L |